Normal view
MARC view
- Bookkeeping
Entry Topical Term
001 - CONTROL NUMBER
- control field: 110825
003 - CONTROL NUMBER IDENTIFIER
- control field: NUST
005 - DATE AND TIME OF LATEST TRANSACTION
- control field: 20230321120859.0
008 - FIXED-LENGTH DATA ELEMENTS
- fixed length control field: 230321|| aca||aabn | a|a d
040 ## - CATALOGING SOURCE
- Original cataloging agency: NUST
- Transcribing agency: NUST
150 ## - HEADING--TOPICAL TERM
- Topical term or geographic name entry element: Bookkeeping
670 ## - SOURCE DATA FOUND
- Source citation: Work cat.: (NUST)185931: Cropper, Cuthbert 110824, Book-keeping and accounts :, 1945.
